| 000 | 01039nam a22002537a 4500 | ||
|---|---|---|---|
| 999 |
_c7997 _d7997 |
||
| 003 | AR-CdUCM | ||
| 008 | 190322b ||||| |||| 00| 0 spa d | ||
| 020 | _a968-18-0176-8 | ||
| 040 |
_aMUNICIPALIDAD PROVINCIAL DEL CUSCO _cBIBLIOTECA MUNICIPAL DEL CUSCO |
||
| 041 | _heng | ||
| 082 |
_22ed. _a620.004 / _bK92 |
||
| 100 |
_aKrick, Edward V. _922590 |
||
| 245 | _aIntroducción a la ingeniería y al diseño en la ingeniería / | ||
| 260 |
_aMexico : _b Limusa, _c1976. |
||
| 300 |
_a240 paginas ; _bIlustraciones, formulas, cuadros, _c23 cm. |
||
| 500 | _aTitulo original : An introduction to engineering y engineering design | ||
| 505 | _aContenido : Objetivos -- Problemas de ingeniería -- Los orígenes de la ingeniería moderna -- Cualidades del ingeniero competente -- Representación por modelos... | ||
| 650 |
_aIngeniería _910043 |
||
| 650 |
_aDiseño de la ingeniería _922591 |
||
| 650 |
_aRamas de la ingeniería _922592 |
||
| 700 |
_aPaniagua B., Francisco (Traductor) _922593 |
||
| 942 |
_2ddc _cLIBROS |
||
| 945 | _awnts | ||